000 00327nam a2200133 i 4500
001 bg
100 1 _aSOBCZAK, Jerzy
245 0 _aRenowacja starych betonowych zapór grawitacyjnych /
_cJ. Sobczak.
260 _aKraków,
_c1979.
040 _cBPK
041 _apol
942 _cKS
008 s pl f |000 0 pol
999 _c18817
_d18817
856 _uhttp://koha.tu.koszalin.pl/cgi-bin/koha/opac-detail.pl?biblionumber=18817
_yKatalog online BPK